Statistics for NASCAR greatest who never...

Click here to take the quiz!

General Stats

  • This quiz has been taken 16 times
  • The average score is 9 of 15

Answer Stats

HintAnswer% Correct
Daytona 500 starts: 29
Best finish: Second, 2007
Mark Martin
93%
Daytona 500 starts: 17
Best finish: Second, 2019
Kyle Busch
80%
Daytona 500 starts: 18
Best finish: Second, 2016, 2018
Martin Truex Jr.
80%
Daytona 500 starts: 7
Best finish: Second, 2021
Chase Elliott
73%
Daytona 500 starts: 17
Best finish: Second, 2004
Tony Stewart
73%
Daytona 500 starts: 24
Best finish: Second, 1998
Bobby Labonte
67%
Daytona 500 starts: 32
Best finish: Second, 1986, 1990, 1997
Terry Labonte
67%
Daytona 500 starts: 12
Best finish: Second, 2011
Carl Edwards
60%
Daytona 500 starts: 15
Best finish: Seventh, 2007 and 2008
Kasey Kahne
60%
Daytona 500 starts: 9
Best finish: Seventh, 2016 and 2019
Kyle Larson
60%
Daytona 500 starts: 23
Best finish: Third, 2001
Rusty Wallace
53%
Daytona 500 starts: 13
Best finish: Third, 2014
Brad Keselowski
47%
Daytona 500 starts: 29
Best finish: Third, 1981
Ricky Rudd
47%
Daytona 500 starts: 15
Best finish: Third, 2012
Greg Biffle
40%
Daytona 500 starts: 7
Best finish: Third, 1963
Ned Jarrett
7%

Score Distribution

Percentile by Number Answered

Percent of People with Each Score

Your Score History

You have not taken this quiz